Регионална библиотека "Любен Каравелов" - Русе

Социологически аспекти на образованието при социализма (Запис номер 114403)

MARC детайли
000 -Лидер
Контролно поле с фиксирана дължина nam a22 a 4500
003 - Код на организацията, давaща контролен номер
Контролно поле BLK
005 - Дата и час на последна редакция
Контролно поле 20221010094440.0
008 - Елементи от данни с фиксирана дължина
fixed length control field 180409b bul|||||r ||||||| ||bul||
040 ## - Източник на каталожния запис
Идентификатор на билиотеката - собственик на записа BLK
041 ## - Код за език
Код за езика на текст/звукозапис или на отделно заглавие Български
Код за езика КДБФ Български
080 ## - УДК
Текстов определител УДК Педагогическа социология
УДК код - определител по УДК 37.015.4
УДК определител (103)
УДК - код + определител 37.015.4(103)
100 1# - Редна дума - Автор
Автор Донев, Русин
Авторска отговорност първи автор
R(LIN) 313289
139 ## - Редно поле
Редна дума Донев, Русин
245 10 - Сведения за заглавието
Заглавие Социологически аспекти на образованието при социализма
Подзаглавни данни Изследване
Редно поле (дума) Русин Донев.
257 ## - Страна на издаване
Страна на създаване/издаване България
260 ## - Област на издателските данни
Място на издаване, разпространение и проч. София
Име на издателя, разпространителя и проч. Нар. просв.
Година на издаване 1975
300 ## - Физическа характеристика
Страници 135 с.
Илюстрации и др. с табл.
Размери/Мащаб 20 см
380 ## - Жанр
Жанр Обществени науки
650 #4 - Допълнително описание по предмет – тема
Основно описание – тема или топоним Образование и просвета - България - социология
9 (RLIN) 250818
653 #7 - Ключова дума – ненормативна
9 (RLIN) 192553
Ключова дума образование
653 #7 - Ключова дума – ненормативна
9 (RLIN) 197066
Ключова дума социологически теории
653 #7 - Ключова дума – ненормативна
9 (RLIN) 196982
Ключова дума социализъм
852 ## - Местоположение
Форматна сигнатура Цб 78899
Фондова буква Хранилище
999 ## - СИСТЕМНИ КОНТРОЛНИ НОМЕРА
Koha biblionumber 114403
Koha biblioitemnumber 114403
942 ## - АРТИКУЛИ
Вид на библиотечния материал Книги
Скрит в OPAC Не
Периодичен библиозапис Да
944 ## - СЪЗДАВАНЕ И РЕДАКЦИЯ на ЗАПИСА
Създаване/Редакция Създаване
Дата на регистрацията/редакция 20.10.2016
Служител, извършил регистрацията/редакцията Правда_Бадева
944 ## - СЪЗДАВАНЕ И РЕДАКЦИЯ на ЗАПИСА
Създаване/Редакция Редакция
Дата на регистрацията/редакция 2022-10-10
Служител, извършил регистрацията/редакцията СТ
Наличности
Код за отписване Код за изгубен артикул Източник на класификационната схема Код за повреда Коз за рестрикции Код за отдаване Артикулен № Име на библиотеката - собственик Име на библиотеката, в която се намира в момента Статус (Текущо местоположение) Дата на вписване в системата Местоположение - отдел Цена в лева Инвентарен номер Систематично азбучна сигнатура Баркод Номер на екземпляра Цена в евро Служебна бележка Служебен тип на артикула
  Не е изгубен Universal Decimal Classification Не е повреден без рестрикции ползва се в читалня 182968 Регионална библиотека "Любен Каравелов" Русе Регионална библиотека "Любен Каравелов" Русе Хранилище 1975-01-01 Хранилище 0.47 197449 Цб 78899 120000197449 1 0.24 N: стар фонд Дата: 01.01.1975 Книги
Изтеглен Не е изгубен Universal Decimal Classification Не е повреден без рестрикции заемане за дома 182969 Регионална библиотека "Любен Каравелов" Русе Регионална библиотека "Любен Каравелов" Русе Заемна - подръчен фонд 1975-01-01 Заемна - подръчен фонд 0.47 204991 П 37.015.4/Д 77 204991 2 0.24 N: стар фонд Дата: 01.01.1975 Книги
Vip Innovations Ltd, Rousse, Bulgaria 2025